LEADER 01194nam0 2200265 450 001 000043020 005 20170504124412.0 100 $a20170504d1968----km-y0itaa50------ba 101 0 $aita 102 $aIT 200 1 $aRelazione concernente le politiche nazionali di struttura agraria nella communità$eCom (68) 1000 parte F$fCommissione delle comunita europee 210 $a[Bruxelles$cs.n.$d1968] 215 $a1 volume (paginazione varia)$d29 cm. 300 $aTesto dattiloscritto 607 $aItalia$xPolitica agraria 676 $a338.1845$v(22. ed.)$9Agricoltura. Politiche agricole dell'amministrazione pubblica. Italia 710 02$aCommissione delle comunità europee$0333284 801 0$aIT$bUniversità della Basilicata - B.I.A.$gREICAT$2unimarc 912 $a000043020 996 $aRelazione concernente le politiche nazionali di struttura agraria nella communità$91531863 997 $aUNIBAS CAT $aTTM$b30$c20170504$lBAS01$h1031 CAT $aTTM$b30$c20170504$lBAS01$h1244 FMT Z30 -1$lBAS01$LBAS01$mBOOK$1BASA2$APolo Tecnico-Scientifico$2FVIG$BFondo Viggiani$3FVig.41511$641511$5T41511$7Collocato presso la Scuola di Agraria$820170504$f35$FStanza riservata